Foreign-Born Population: Alaska Quiz Stats

 Plays Quiz Updated Dec 16, 2017

Challenge
Share
Tweet
Embed
Score 0/20 Timer 04:00
3 Plays Today
Population Country % Correct
2,562Canada
97.4%
1,664Russia
97.3%
1,408China
94.4%
3,873Mexico
92.9%
775Japan
91%
979United Kingdom
90.1%
727India
79.7%
1,500Germany
79.2%
3,741South Korea
75.9%
1,000Vietnam
62.5%
Population Country % Correct
17,323Philippines
59.5%
434Poland
54%
2,612Thailand
51.5%
663Ukraine
44%
1,351Laos
37.6%
783Colombia
37%
515Peru
32.5%
731El Salvador
22.8%
1,376Dominican Republic
18.8%
460Macedonia
2.5%

You're not logged in!

Compare scores with friends on all Sporcle quizzes.
Join for Free
OR
Log In

You Might Also Like...

Show Comments

Extras

Top Quizzes Today


Score Distribution

Your Account Isn't Verified!

In order to create a playlist on Sporcle, you need to verify the email address you used during registration. Go to your Sporcle Settings to finish the process.

Report this User

Report this user for behavior that violates our Community Guidelines.

Details: